Quick Pick: Daily Classic Rock Songs Quiz Stats

Quiz Updated Apr 17, 2016

Challenge
Share
Tweet
Embed
Score 0/7 Timer 01:00
3 Plays Today
% Correct
Monday
93%
Tuesday
92.6%
Sunday
86.6%
Saturday
78%
Friday
73%
Wednesday
50.3%
Thursday
47.4%

Today's Daily Dose

Missing Word
Actress of Thrones

Word Ladder
Black Phrases

Quick Pick
'B' Beverages

On This Day
February 21st II

You're not logged in!

Compare scores with friends on all Sporcle quizzes.
Sign Up with Email
OR
Log In

You Might Also Like...

Show Comments

Extras

Top Quizzes Today


Score Distribution

Your Account Isn't Verified!

In order to create a playlist on Sporcle, you need to verify the email address you used during registration. Go to your Sporcle Settings to finish the process.